[Event "Litomysl Open 2018"]
[Site "Litomysl, Domov mladeze VOSP "]
[Date "2018.12.29"]
[Round "6.13"]
[White "Hocevar, Nikola"]
[Black "Sacharewicz, Krzysztof"]
[Result "1/2-1/2"]
[WhiteElo "1925"]
[BlackElo "1833"]
[PlyCount "104"]
[EventDate "2018.12.26"]
[EventType "swiss"]
[EventRounds "9"]
[EventCountry "CZE"]
[SourceTitle "Ajedrez en Madrid"]
[Source "lmi"]
[SourceDate "2018.12.26"]
[SourceVersion "1"]
[SourceVersionDate "2019.01.04"]
[SourceQuality "1"]

1. d4 Nf6 2. Nf3 c5 3. e3 e6 4. c3 d5 5. Nbd2 Nbd7 6. Bd3 c4 7. Bc2 b5 8. e4
Nb6 9. e5 Nfd7 10. O-O b4 11. cxb4 Bxb4 12. a3 Be7 13. Nb1 Ba6 14. Nc3 Qc7 15.
Ne1 O-O-O 16. f4 g6 17. Be3 f5 18. g4 Kb8 19. Rf2 Rdg8 20. g5 h6 21. h4 hxg5
22. hxg5 Rh3 23. Rf3 Rh5 24. Rg3 Rgh8 25. Qf3 Qd8 26. Kf2 Rh1 27. Rd1 Na8 28.
Rg1 R1h2+ 29. Rg2 R2h4 30. Qe2 Nc7 31. Nf3 R4h7 32. Ba4 Nb6 33. Bc2 Nb5 34. Bd2
Qd7 35. Rgg1 Nxc3 36. Bxc3 Na4 37. Bxa4 Qxa4 38. Rc1 Qe8 39. Kg2 Bb5 40. Rh1
Qf7 41. Qf2 Bd8 42. Rh4 Rxh4 43. Nxh4 Qh7 44. Rh1 Qh5 45. Qf3 Qxf3+ 46. Nxf3
Rxh1 47. Kxh1 Kb7 48. Kg2 Ka6 49. Kf2 Ba5 50. Be1 Be8 51. Ke2 Bb6 52. Bc3 Kb5
1/2-1/2

[Event "Litomysl Open 2018"]
[Site "Litomysl, Domov mladeze VOSP "]
[Date "2018.12.29"]
[Round "6.15"]
[White "Bartos, Karel"]
[Black "Nespor, Ivan"]
[Result "1/2-1/2"]
[WhiteElo "1856"]
[BlackElo "1755"]
[PlyCount "44"]
[EventDate "2018.12.26"]
[EventType "swiss"]
[EventRounds "9"]
[EventCountry "CZE"]
[SourceTitle "Ajedrez en Madrid"]
[Source "lmi"]
[SourceDate "2018.12.26"]
[SourceVersion "1"]
[SourceVersionDate "2019.01.04"]
[SourceQuality "1"]

1. e4 e5 2. Nf3 Nc6 3. Bb5 a6 4. Ba4 Nf6 5. O-O Be7 6. Re1 b5 7. Bb3 O-O 8. c3
d5 9. exd5 Nxd5 10. Nxe5 Nxe5 11. Rxe5 c6 12. d4 Bd6 13. Re1 Qh4 14. g3 Qh3 15.
Bxd5 cxd5 16. Qf3 Ra7 17. Be3 Re7 18. Nd2 Rfe8 19. Qg2 Qh5 20. a3 Bh3 21. Qf3
Bg4 22. Qg2 Bh3 1/2-1/2

[Event "Litomysl Open 2018"]
[Site "Litomysl, Domov mladeze VOSP "]
[Date "2018.12.29"]
[Round "6.19"]
[White "Bastyr, Pavel"]
[Black "Korcz, Daniel"]
[Result "0-1"]
[WhiteElo "1432"]
[BlackElo "1832"]
[PlyCount "56"]
[EventDate "2018.12.26"]
[EventType "swiss"]
[EventRounds "9"]
[EventCountry "CZE"]
[SourceTitle "Ajedrez en Madrid"]
[Source "lmi"]
[SourceDate "2018.12.26"]
[SourceVersion "1"]
[SourceVersionDate "2019.01.04"]
[SourceQuality "1"]

1. d4 d5 2. c4 e6 3. Nc3 Bb4 4. Qc2 Nf6 5. Bg5 O-O 6. e3 Nbd7 7. Bd3 h6 8. Bh4
c5 9. Nf3 cxd4 10. Nxd4 e5 11. Nb3 Qc7 12. Nd2 d4 13. Nce4 Nxe4 14. Bxe4 dxe3
15. fxe3 Qb6 16. Bf2 Nf6 17. O-O-O Bc5 18. Rhe1 Ng4 19. Nf1 Be6 20. Bd5 Rac8
21. Bg1 Qa6 22. Qb3 Bxd5 23. Rxd5 Bb4 24. Nd2 Bxd2+ 25. Kxd2 Rxc4 26. h3 Nf6
27. Rxe5 Rd8+ 28. Ke2 Rc5+ 0-1

[Event "Litomysl Open 2018"]
[Site "Litomysl, Domov mladeze VOSP "]
[Date "2018.12.29"]
[Round "6.26"]
[White "Hayrumyan, Artur"]
[Black "Krawczyk, Jolanta"]
[Result "1-0"]
[WhiteElo "1490"]
[BlackElo "1000"]
[PlyCount "27"]
[EventDate "2018.12.26"]
[EventType "swiss"]
[EventRounds "9"]
[EventCountry "CZE"]
[SourceTitle "Ajedrez en Madrid"]
[Source "lmi"]
[SourceDate "2018.12.26"]
[SourceVersion "1"]
[SourceVersionDate "2019.01.04"]
[SourceQuality "1"]

1. e4 e5 2. Nf3 Nc6 3. Bc4 h6 4. c3 Na5 5. Bxf7+ Kxf7 6. Nxe5+ Ke6 7. Ng6 Rh7
8. Qg4+ Kd6 9. d4 Kc6 10. Qf5 d6 11. Qxa5 b6 12. Qd5+ Kd7 13. Ne5+ Ke7 14. Qf7#
1-0

[Event "Litomysl Open 2018"]
[Site "Litomysl, Domov mladeze VOSP "]
[Date "2018.12.30"]
[Round "7.1"]
[White "Simacek, Pavel"]
[Black "Pekar, Vaclav"]
[Result "1-0"]
[WhiteElo "2478"]
[BlackElo "2148"]
[PlyCount "37"]
[EventDate "2018.12.26"]
[EventType "swiss"]
[EventRounds "9"]
[EventCountry "CZE"]
[SourceTitle "Ajedrez en Madrid"]
[Source "lmi"]
[SourceDate "2018.12.26"]
[SourceVersion "1"]
[SourceVersionDate "2019.01.04"]
[SourceQuality "1"]

1. e4 e6 2. d4 d5 3. Nd2 Nc6 4. Ngf3 Nf6 5. e5 Nd7 6. Bd3 f6 7. Ng5 Ndxe5 8.
dxe5 fxg5 9. Qh5+ Kd7 10. Qe2 Nd4 11. Qg4 c5 12. c4 Kc7 13. O-O h5 14. Qd1 Bd7
15. b4 Rc8 16. Bb2 dxc4 17. Bxc4 Bb5 18. bxc5 Bc6 19. Nb3 1-0

[Event "Litomysl Open 2018"]
[Site "Litomysl, Domov mladeze VOSP "]
[Date "2018.12.30"]
[Round "7.2"]
[White "Svanda, Ondrej"]
[Black "Cerveny, Petr"]
[Result "1-0"]
[WhiteElo "2241"]
[BlackElo "2319"]
[PlyCount "129"]
[EventDate "2018.12.26"]
[EventType "swiss"]
[EventRounds "9"]
[EventCountry "CZE"]
[SourceTitle "Ajedrez en Madrid"]
[Source "lmi"]
[SourceDate "2018.12.26"]
[SourceVersion "1"]
[SourceVersionDate "2019.01.04"]
[SourceQuality "1"]

1. d4 Nf6 2. Bf4 d5 3. e3 c5 4. Nf3 Nc6 5. Nbd2 e6 6. c3 Bd6 7. Bg3 O-O 8. Bd3
b6 9. O-O Bxg3 10. hxg3 Bb7 11. Rc1 Qd6 12. Qc2 Rac8 13. Qb1 e5 14. dxe5 Nxe5
15. Nxe5 Qxe5 16. Rfe1 Rfe8 17. Rcd1 Rcd8 18. Qc2 Rd6 19. Qa4 c4 20. Nf3 Qe7
21. Bb1 a6 22. Qc2 g6 23. Rd4 b5 24. Qd2 Rdd8 25. Rd1 Rb8 26. Nh2 Bc8 27. g4 h6
28. Re1 Kg7 29. a3 Bd7 30. Bc2 a5 31. Rd1 Bc6 32. Rf4 Qc5 33. Nf3 b4 34. axb4
axb4 35. Nd4 Bd7 36. Ra1 Bxg4 37. Ra6 Be6 38. Rc6 Qa7 39. cxb4 Qa1+ 40. Bd1
Rxb4 41. Qxb4 Qxd1+ 42. Kh2 Qh5+ 43. Kg1 Qd1+ 44. Kh2 Ng4+ 45. Kg3 Bd7 46. Qc3
Kg8 47. Rd6 g5 48. Rxf7 Ne5 49. Nf3 Nxf7 50. Rg6+ Kf8 51. Qg7+ Ke7 52. Qf6+ Kf8
53. Qg7+ Ke7 54. Ne5 Be6 55. Qf6+ Kd6 56. Nxf7+ Kc5 57. Nxh6 Qc2 58. Qd4+ Kb4
59. Qb6+ Ka4 60. Qc6+ Kb3 61. Qxe8 Qe4 62. Qxe6 Qh4+ 63. Kf3 c3 64. bxc3 Kc2
65. Ng4 1-0

[Event "Litomysl Open 2018"]
[Site "Litomysl, Domov mladeze VOSP "]
[Date "2018.12.30"]
[Round "7.3"]
[White "Dowgird, Filip"]
[Black "Swicarz, Maciej"]
[Result "1/2-1/2"]
[WhiteElo "2236"]
[BlackElo "2331"]
[PlyCount "73"]
[EventDate "2018.12.26"]
[EventType "swiss"]
[EventRounds "9"]
[EventCountry "CZE"]
[SourceTitle "Ajedrez en Madrid"]
[Source "lmi"]
[SourceDate "2018.12.26"]
[SourceVersion "1"]
[SourceVersionDate "2019.01.04"]
[SourceQuality "1"]

1. d4 Nf6 2. Bf4 e6 3. e3 c5 4. Nd2 b6 5. Ngf3 Bb7 6. Nc4 d5 7. Nce5 Nfd7 8.
Nxf7 Kxf7 9. Ng5+ Kg8 10. Nxe6 Qf6 11. Nc7 cxd4 12. Qxd4 Qxd4 13. exd4 Nc6 14.
Nxa8 Bxa8 15. c3 Kf7 16. Bd3 Be7 17. h4 Nf8 18. h5 Ne6 19. Be3 Bf6 20. Kd2 g5
21. hxg6+ hxg6 22. Rxh8 Bxh8 23. f4 Ne7 24. g4 Bc6 25. Ke2 Nc7 26. a4 Bd7 27.
Kf3 Ne8 28. b3 Nf6 29. Rg1 Bg7 30. Bc1 Nc6 31. Bc2 Na5 32. Rg2 Bf8 33. Bb2 Ne4
34. Rh2 Bg7 35. Rg2 Bf8 36. Rh2 Bg7 37. Rg2 1/2-1/2

[Event "Litomysl Open 2018"]
[Site "Litomysl, Domov mladeze VOSP "]
[Date "2018.12.30"]
[Round "7.4"]
[White "Getmanchuk, Andrei V"]
[Black "Chetverik, Maxim"]
[Result "1/2-1/2"]
[WhiteElo "2140"]
[BlackElo "2209"]
[PlyCount "49"]
[EventDate "2018.12.26"]
[EventType "swiss"]
[EventRounds "9"]
[EventCountry "CZE"]
[SourceTitle "Ajedrez en Madrid"]
[Source "lmi"]
[SourceDate "2018.12.26"]
[SourceVersion "1"]
[SourceVersionDate "2019.01.04"]
[SourceQuality "1"]

1. Nf3 f5 2. d3 Nc6 3. e4 e5 4. Nc3 Bb4 5. Bg5 Nf6 6. exf5 d5 7. d4 exd4 8.
Nxd4 O-O 9. a3 Bxc3+ 10. bxc3 Nxd4 11. cxd4 Bxf5 12. Be2 Qd6 13. O-O Ne4 14.
Bh4 Nc3 15. Qd2 Nxe2+ 16. Qxe2 Qf4 17. Bg3 Qxd4 18. Qb5 Bxc2 19. Qxb7 Bd3 20.
Rad1 c5 21. Bd6 c4 22. Kh1 h6 23. f4 Rae8 24. Rfe1 Rxe1+ 25. Rxe1 1/2-1/2

[Event "Litomysl Open 2018"]
[Site "Litomysl, Domov mladeze VOSP "]
[Date "2018.12.30"]
[Round "7.5"]
[White "Dzikowski, Michal"]
[Black "Sabol, Marian"]
[Result "1-0"]
[WhiteElo "2140"]
[BlackElo "2298"]
[PlyCount "61"]
[EventDate "2018.12.26"]
[EventType "swiss"]
[EventRounds "9"]
[EventCountry "CZE"]
[SourceTitle "Ajedrez en Madrid"]
[Source "lmi"]
[SourceDate "2018.12.26"]
[SourceVersion "1"]
[SourceVersionDate "2019.01.04"]
[SourceQuality "1"]

1. d4 Nf6 2. c4 c5 3. d5 b5 4. Qc2 d6 5. e4 b4 6. f4 g6 7. Bd3 Bg7 8. Nf3 O-O
9. O-O Bg4 10. Nbd2 a5 11. h3 Bxf3 12. Nxf3 a4 13. Bd2 Nfd7 14. Rae1 b3 15.
axb3 axb3 16. Qxb3 Na6 17. Bc3 Rb8 18. Qd1 Nb4 19. Bxg7 Kxg7 20. Bb1 Nb6 21. b3
e6 22. dxe6 fxe6 23. Ng5 Qe7 24. Qg4 Rbe8 25. e5 d5 26. Nxh7 Kxh7 27. Qxg6+ Kh8
28. Qh5+ Kg8 29. Rf3 Rf7 30. Rg3+ Rg7 31. Qh7+ 1-0

[Event "Litomysl Open 2018"]
[Site "Litomysl, Domov mladeze VOSP "]
[Date "2018.12.30"]
[Round "7.6"]
[White "Koziol, Kamil"]
[Black "Slepov, Kyryl"]
[Result "0-1"]
[WhiteElo "2281"]
[BlackElo "2140"]
[PlyCount "120"]
[EventDate "2018.12.26"]
[EventType "swiss"]
[EventRounds "9"]
[EventCountry "CZE"]
[SourceTitle "Ajedrez en Madrid"]
[Source "lmi"]
[SourceDate "2018.12.26"]
[SourceVersion "1"]
[SourceVersionDate "2019.01.04"]
[SourceQuality "1"]

1. e4 e5 2. Nf3 Nf6 3. Nxe5 d6 4. Nf3 Nxe4 5. d4 d5 6. Bd3 Be7 7. O-O O-O 8. c4
Nc6 9. Nc3 Nf6 10. h3 Nb4 11. Be2 dxc4 12. Bxc4 Nbd5 13. Re1 c6 14. Bg5 Be6 15.
Bd3 h6 16. Bd2 Re8 17. a3 Bd6 18. Ne5 Qc7 19. Rc1 Nxc3 20. Rxc3 Qb6 21. Bc1
Rad8 22. Nf3 Bd5 23. Bb1 Rxe1+ 24. Nxe1 Bb8 25. b4 a5 26. Nc2 Be4 27. Be3 Qc7
28. g3 Nd5 29. Rb3 Qd7 30. Qh5 Nf6 31. Qh4 Qf5 32. Bxh6 gxh6 33. Ne3 Qg5 34.
Qxg5+ hxg5 35. Bxe4 Nxe4 36. bxa5 Rxd4 37. Rxb7 Bd6 38. a6 Ra4 39. a7 Kg7 40.
g4 Bc5 41. Nf5+ Kf6 42. Rc7 Rxa7 43. Rxc6+ Ke5 44. Kg2 Bxf2 45. Rc4 Rxa3 46.
Rc7 f6 47. Rc2 Bc5 48. h4 gxh4 49. Nxh4 Rg3+ 50. Kf1 Rg1+ 51. Ke2 Rxg4 52. Nf3+
Kf4 53. Ne1 Bd4 54. Kd3 Bc5 55. Ng2+ Kg3 56. Ne3 Rf4 57. Rg2+ Kf3 58. Rc2 Nf2+
59. Kd2 Rd4+ 60. Ke1 Nd3+ 0-1

[Event "Litomysl Open 2018"]
[Site "Litomysl, Domov mladeze VOSP "]
[Date "2018.12.30"]
[Round "7.7"]
[White "Burnett, Andrew"]
[Black "Houska, Bronislav"]
[Result "1/2-1/2"]
[WhiteElo "2140"]
[BlackElo "2043"]
[PlyCount "95"]
[EventDate "2018.12.26"]
[EventType "swiss"]
[EventRounds "9"]
[EventCountry "CZE"]
[SourceTitle "Ajedrez en Madrid"]
[Source "lmi"]
[SourceDate "2018.12.26"]
[SourceVersion "1"]
[SourceVersionDate "2019.01.04"]
[SourceQuality "1"]

1. d4 d6 2. e4 Nf6 3. Nc3 g6 4. Nf3 Bg7 5. h3 c6 6. Be3 Qc7 7. Qd2 Nbd7 8. Bd3
e5 9. O-O O-O 10. Rfe1 Re8 11. a4 Nf8 12. b4 Nh5 13. d5 Nf4 14. Bf1 f5 15. exf5
Bxf5 16. Bxf4 exf4 17. Nd4 Bxd4 18. Qxd4 Qg7 19. Qxg7+ Kxg7 20. dxc6 bxc6 21.
b5 Rxe1 22. Rxe1 cxb5 23. Re7+ Kh6 24. axb5 Bxc2 25. Nd5 Kg5 26. g3 fxg3 27.
fxg3 Bb3 28. h4+ Kh6 29. Bg2 Bxd5 30. Bxd5 Rb8 31. Bc6 g5 32. hxg5+ Kxg5 33.
Rxa7 Ne6 34. Rb7 Rxb7 35. Bxb7 Kf6 36. Bd5 Nc5 37. b6 Nd7 38. b7 Ke5 39. Bg8 h6
40. Kh2 d5 41. Kh3 d4 42. Bh7 Kd6 43. Bf5 Nb8 44. Kh4 Kc7 45. Be4 Nd7 46. Kg4
Nc5 47. Kf4 d3 48. Bxd3 1/2-1/2

[Event "Litomysl Open 2018"]
[Site "Litomysl, Domov mladeze VOSP "]
[Date "2018.12.30"]
[Round "7.8"]
[White "Lorenc, Oldrich"]
[Black "Michenka, Jozef"]
[Result "1/2-1/2"]
[WhiteElo "2069"]
[BlackElo "2274"]
[PlyCount "34"]
[EventDate "2018.12.26"]
[EventType "swiss"]
[EventRounds "9"]
[EventCountry "CZE"]
[SourceTitle "Ajedrez en Madrid"]
[Source "lmi"]
[SourceDate "2018.12.26"]
[SourceVersion "1"]
[SourceVersionDate "2019.01.04"]
[SourceQuality "1"]

1. e4 c5 2. Nf3 d6 3. c3 Nf6 4. Bb5+ Bd7 5. Bxd7+ Qxd7 6. Qe2 Qc6 7. d3 e6 8.
Bg5 Be7 9. Nbd2 O-O 10. O-O Re8 11. Bxf6 Bxf6 12. d4 d5 13. dxc5 Qxc5 14. e5
Be7 15. Nd4 Nc6 16. N2b3 Qb6 17. Rab1 Nxd4 1/2-1/2

[Event "Litomysl Open 2018"]
[Site "Litomysl, Domov mladeze VOSP "]
[Date "2018.12.30"]
[Round "7.9"]
[White "Bystrov, Sergej"]
[Black "Brandsma, Romayn"]
[Result "1/2-1/2"]
[WhiteElo "2233"]
[BlackElo "1850"]
[PlyCount "56"]
[EventDate "2018.12.26"]
[EventType "swiss"]
[EventRounds "9"]
[EventCountry "CZE"]
[SourceTitle "Ajedrez en Madrid"]
[Source "lmi"]
[SourceDate "2018.12.26"]
[SourceVersion "1"]
[SourceVersionDate "2019.01.04"]
[SourceQuality "1"]

1. e4 e5 2. Nf3 Nc6 3. Bc4 Bc5 4. c3 Nf6 5. d3 O-O 6. O-O d6 7. Bb3 a6 8. Nbd2
Ba7 9. h3 Ne7 10. Re1 Ng6 11. Nf1 Bd7 12. Ng3 c6 13. Be3 Bxe3 14. fxe3 Qc7 15.
Rf1 d5 16. Nd2 Kh8 17. Nh5 Nxh5 18. Qxh5 Be6 19. d4 f6 20. exd5 cxd5 21. Nf3
Bf7 22. Nh4 Nf4 23. Qf3 g5 24. exf4 e4 25. Qf2 gxh4 26. Qxh4 Qd6 27. Rae1 f5
28. Re3 Bg6 1/2-1/2

[Event "Litomysl Open 2018"]
[Site "Litomysl, Domov mladeze VOSP "]
[Date "2018.12.30"]
[Round "7.10"]
[White "Sacharewicz, Krzysztof"]
[Black "Daniel, Damian"]
[Result "0-1"]
[WhiteElo "1833"]
[BlackElo "2152"]
[PlyCount "76"]
[EventDate "2018.12.26"]
[EventType "swiss"]
[EventRounds "9"]
[EventCountry "CZE"]
[SourceTitle "Ajedrez en Madrid"]
[Source "lmi"]
[SourceDate "2018.12.26"]
[SourceVersion "1"]
[SourceVersionDate "2019.01.04"]
[SourceQuality "1"]

1. e4 c6 2. d4 d5 3. f3 Qb6 4. Nc3 dxe4 5. fxe4 e5 6. Nge2 exd4 7. Qxd4 Qxd4 8.
Nxd4 Bc5 9. Nb3 Bb6 10. Bc4 Nf6 11. Bg5 Nbd7 12. O-O-O Ng4 13. Rde1 f6 14. Bd2
Ke7 15. h3 Nge5 16. Be2 Nf8 17. Na4 Bc7 18. Nac5 h5 19. Kb1 h4 20. Nc1 Nfg6 21.
b3 b6 22. N5d3 Be6 23. Nxe5 Nxe5 24. Nd3 Rad8 25. Rd1 Bf7 26. Bf4 Bd6 27. Nxe5
Bxe5 28. Bxe5 fxe5 29. Rxd8 Rxd8 30. Rd1 Rxd1+ 31. Bxd1 Kf6 32. Kc1 Kg5 33. Kd2
Kf4 34. Bf3 Be6 35. Ke2 Kg3 36. Ke3 g5 37. a4 g4 38. hxg4 Bxg4 0-1

[Event "Litomysl Open 2018"]
[Site "Litomysl, Domov mladeze VOSP "]
[Date "2018.12.30"]
[Round "7.17"]
[White "Rokos, Filip"]
[Black "Nespor, Ivan"]
[Result "1-0"]
[WhiteElo "1882"]
[BlackElo "1755"]
[PlyCount "37"]
[EventDate "2018.12.26"]
[EventType "swiss"]
[EventRounds "9"]
[EventCountry "CZE"]
[SourceTitle "Ajedrez en Madrid"]
[Source "lmi"]
[SourceDate "2018.12.26"]
[SourceVersion "1"]
[SourceVersionDate "2019.01.04"]
[SourceQuality "1"]

1. e4 d6 2. d4 Nf6 3. Nc3 Nbd7 4. Nf3 e5 5. Bc4 Be7 6. O-O h6 7. h3 O-O 8. a4
c6 9. Ba2 Qc7 10. Re1 Rd8 11. Nh4 Nf8 12. Be3 Nxe4 13. Nxe4 Bxh4 14. Qh5 Ng6
15. Qxg6 d5 16. Qh5 dxe4 17. Qxh4 exd4 18. Bf4 Qb6 19. a5 1-0

[Event "Litomysl Open 2018"]
[Site "Litomysl, Domov mladeze VOSP "]
[Date "2018.12.30"]
[Round "7.19"]
[White "Prachar, Josef"]
[Black "Starosciak, Szymon"]
[Result "0-1"]
[WhiteElo "1827"]
[BlackElo "1407"]
[PlyCount "104"]
[EventDate "2018.12.26"]
[EventType "swiss"]
[EventRounds "9"]
[EventCountry "CZE"]
[SourceTitle "Ajedrez en Madrid"]
[Source "lmi"]
[SourceDate "2018.12.26"]
[SourceVersion "1"]
[SourceVersionDate "2019.01.04"]
[SourceQuality "1"]

1. c4 Nf6 2. Nc3 e5 3. g3 d5 4. cxd5 Nxd5 5. Bg2 Nb6 6. d3 Nc6 7. Nf3 Be7 8.
O-O O-O 9. a3 Be6 10. b4 a6 11. Bb2 f5 12. Rc1 Bf6 13. Na4 Nxa4 14. Qxa4 Bd5
15. Qc2 e4 16. Bxf6 Rxf6 17. dxe4 Bxe4 18. Qc4+ Bd5 19. Qf4 Qd6 20. Nh4 Bxg2
21. Nxg2 Nd4 22. Rfe1 Re8 23. Kf1 Qxf4 24. Nxf4 c6 25. Red1 Ne6 26. Rd7 Nxf4
27. gxf4 Rf7 28. Rcd1 Rfe7 29. e3 Kf7 30. Ke2 Rxd7 31. Rxd7+ Re7 32. Rxe7+ Kxe7
33. Kd3 Kd6 34. f3 c5 35. e4 cxb4 36. axb4 b6 37. Kd4 Ke6 38. h4 h5 39. e5 g6
40. Kc4 Ke7 41. Kd5 Kd7 42. e6+ Ke7 43. Kc6 a5 44. bxa5 bxa5 45. Kb5 Kxe6 46.
Kxa5 Kd5 47. Kb5 Kd4 48. Kc6 Ke3 49. Kd5 Kxf4 50. Ke6 Kxf3 51. Kf6 Kg4 52. Kxg6
f4 0-1

[Event "Litomysl Open 2018"]
[Site "Litomysl, Domov mladeze VOSP "]
[Date "2018.12.30"]
[Round "7.22"]
[White "Hayrumyan, Artur"]
[Black "Stodola, Zdenek"]
[Result "1-0"]
[WhiteElo "1490"]
[BlackElo "1579"]
[PlyCount "47"]
[EventDate "2018.12.26"]
[EventType "swiss"]
[EventRounds "9"]
[EventCountry "CZE"]
[SourceTitle "Ajedrez en Madrid"]
[Source "lmi"]
[SourceDate "2018.12.26"]
[SourceVersion "1"]
[SourceVersionDate "2019.01.04"]
[SourceQuality "1"]

1. e4 Nf6 2. Nc3 d5 3. e5 d4 4. exf6 dxc3 5. fxg7 cxd2+ 6. Bxd2 Bxg7 7. c3 O-O
8. Qc2 Qd5 9. Bd3 f5 10. Nf3 Re8 11. Be2 Nc6 12. c4 Nd4 13. Nxd4 Qxd4 14. Bc3
Qe4 15. Qb3 Bxc3+ 16. Qxc3 f4 17. Qa5 Qxg2 18. Rf1 b6 19. Qe5 Qxh2 20. Qg5+ Kh8
21. Rg1 Bg4 22. Qe5+ Kg8 23. Rxg4+ Kf8 24. Qf5# 1-0

[Event "Litomysl Open 2018"]
[Site "Litomysl, Domov mladeze VOSP "]
[Date "2018.12.30"]
[Round "7.24"]
[White "Smietanska, Wiktoria"]
[Black "Macek, Jaroslav"]
[Result "1-0"]
[WhiteElo "1503"]
[BlackElo "1388"]
[PlyCount "79"]
[EventDate "2018.12.26"]
[EventType "swiss"]
[EventRounds "9"]
[EventCountry "CZE"]
[SourceTitle "Ajedrez en Madrid"]
[Source "lmi"]
[SourceDate "2018.12.26"]
[SourceVersion "1"]
[SourceVersionDate "2019.01.04"]
[SourceQuality "1"]

1. d4 d5 2. c4 e6 3. Nc3 Nf6 4. Bg5 Be7 5. cxd5 exd5 6. e3 O-O 7. Bd3 Bg4 8.
Qb3 c6 9. Qxb7 Bc8 10. Qb3 Qc7 11. Nf3 Nbd7 12. O-O Bd6 13. Rac1 h6 14. Bh4 Rb8
15. Qc2 Bb7 16. Nb5 cxb5 17. Qxc7 Bxc7 18. Rxc7 a6 19. Bf5 Rfd8 20. Rfc1 g5 21.
Bg3 Rbc8 22. Bd6 Rxc7 23. Rxc7 Rc8 24. Rxc8+ Bxc8 25. Ne5 Nb6 26. Bxc8 Nxc8 27.
Bc5 Ne4 28. Nc6 Ncd6 29. Bxd6 Nxd6 30. Ne7+ Kg7 31. Nxd5 a5 32. Kf1 f6 33. Ke2
Kf7 34. f3 f5 35. b3 Ke6 36. Nc3 h5 37. Kd3 g4 38. e4 b4 39. Ne2 Kf6 40. e5+
1-0

[Event "Litomysl Open 2018"]
[Site "Litomysl, Domov mladeze VOSP "]
[Date "2018.12.30"]
[Round "7.25"]
[White "Janikowska, Wiktoria"]
[Black "Zimny, Jakub"]
[Result "1/2-1/2"]
[WhiteElo "1302"]
[BlackElo "1279"]
[PlyCount "42"]
[EventDate "2018.12.26"]
[EventType "swiss"]
[EventRounds "9"]
[EventCountry "CZE"]
[SourceTitle "Ajedrez en Madrid"]
[Source "lmi"]
[SourceDate "2018.12.26"]
[SourceVersion "1"]
[SourceVersionDate "2019.01.04"]
[SourceQuality "1"]

1. e4 c5 2. Nf3 d6 3. d4 cxd4 4. Nxd4 Nf6 5. Nc3 a6 6. Bg5 e5 7. Nb3 Be6 8. Qd2
Be7 9. Bxf6 Bxf6 10. O-O-O Be7 11. Kb1 Nd7 12. h4 b5 13. Nd5 Bxd5 14. Qxd5 Rc8
15. Be2 Qc7 16. Qd2 O-O 17. Bg4 Ra8 18. Bxd7 Qxd7 19. h5 Rfc8 20. Rh3 Qc7 21.
Rc3 Qb6 1/2-1/2

[Event "Litomysl Open 2018"]
[Site "Litomysl, Domov mladeze VOSP "]
[Date "2018.12.31"]
[Round "8.1"]
[White "Svanda, Ondrej"]
[Black "Simacek, Pavel"]
[Result "1/2-1/2"]
[WhiteElo "2241"]
[BlackElo "2478"]
[PlyCount "131"]
[EventDate "2018.12.26"]
[EventType "swiss"]
[EventRounds "9"]
[EventCountry "CZE"]
[SourceTitle "Ajedrez en Madrid"]
[Source "lmi"]
[SourceDate "2018.12.26"]
[SourceVersion "1"]
[SourceVersionDate "2019.01.04"]
[SourceQuality "1"]

1. c4 e5 2. Nc3 Nc6 3. g3 f5 4. Bg2 Nf6 5. d3 Bb4 6. e3 Bxc3+ 7. bxc3 O-O 8.
Ne2 d6 9. Rb1 Qe8 10. O-O Rb8 11. Ba3 e4 12. c5 d5 13. d4 Rf7 14. c4 dxc4 15.
Qa4 Be6 16. Nf4 g5 17. Nxe6 Qxe6 18. Rfc1 f4 19. Qxc4 Nd5 20. exf4 gxf4 21. Re1
f3 22. Bf1 Qf5 23. Qc2 Nxd4 24. Qc4 Ne2+ 25. Bxe2 fxe2 26. Rxe2 e3 27. Rf1 Qf3
28. Bc1 Re8 29. Rxe3 Nxe3 30. Bxe3 Qe4 31. Qb3 Rd8 32. Rd1 Rxd1+ 33. Qxd1 c6
34. h4 Re7 35. Kh2 Qf5 36. Qd8+ Kf7 37. Qh8 Rd7 38. Bd4 Ke6 39. Qg8+ Qf7 40.
Qh8 Kd5 41. Be3 Ke4 42. Qb2 Qd5 43. Qc2+ Kf3 44. Qc3 Qd3 45. Qf6+ Ke2 46. Qb2+
Kf1 47. Qc1+ Qd1 48. Qc4+ Rd3 49. Qe4 Rd7 50. Qc4+ Qe2 51. Qe6 Qd3 52. Qh3+ Ke1
53. Qg4 Rd5 54. Qb4+ Kf1 55. Qg4 a6 56. Qh3+ Ke1 57. Qg4 a5 58. Qg7 Qb1 59.
Qc3+ Kd1 60. Qxa5 Qc2 61. Qb4 Rd3 62. Qg4+ Qe2 63. Qa4+ Qc2 64. Qg4+ Qe2 65.
Qa4+ Qc2 66. Qg4+ 1/2-1/2

[Event "Litomysl Open 2018"]
[Site "Litomysl, Domov mladeze VOSP "]
[Date "2018.12.31"]
[Round "8.2"]
[White "Swicarz, Maciej"]
[Black "Dzikowski, Michal"]
[Result "1-0"]
[WhiteElo "2331"]
[BlackElo "2140"]
[PlyCount "103"]
[EventDate "2018.12.26"]
[EventType "swiss"]
[EventRounds "9"]
[EventCountry "CZE"]
[SourceTitle "Ajedrez en Madrid"]
[Source "lmi"]
[SourceDate "2018.12.26"]
[SourceVersion "1"]
[SourceVersionDate "2019.01.04"]
[SourceQuality "1"]

1. e4 c6 2. d4 d5 3. Nc3 dxe4 4. Nxe4 Nd7 5. Nf3 Ngf6 6. Nxf6+ Nxf6 7. c3 Bg4
8. h3 Bh5 9. g4 Bg6 10. Ne5 Nd7 11. Nxg6 hxg6 12. d5 Qc7 13. Bg2 Qe5+ 14. Be3
cxd5 15. Qxd5 e6 16. Qxb7 Rb8 17. Qc6 Bd6 18. O-O-O Ke7 19. Bxa7 Rbc8 20. Qe4
Qa5 21. Qd4 Qc7 22. Rhe1 Rhg8 23. Kb1 Nc5 24. f4 Rgd8 25. f5 gxf5 26. gxf5 Kf8
27. fxe6 Nxe6 28. Qb6 Qe7 29. Qf2 Kg8 30. Bb6 Rd7 31. Bd5 Bb8 32. Qf5 Rd6 33.
Bd4 Qd7 34. Bxe6 fxe6 35. Qg4 Rd8 36. Rc1 Ba7 37. Bxa7 Qxa7 38. Rxe6 Rd2 39.
Re2 Qb7 40. Rxd2 Rxd2 41. Qb4 Qd7 42. c4 Qd3+ 43. Ka1 Rd1 44. Qb8+ Kh7 45. Qf4
Qf3 46. Qg5 Rf1 47. a3 Qxh3 48. Ka2 Rf5 49. Qd2 g5 50. c5 Re5 51. c6 Qe6+ 52.
Ka1 1-0

[Event "Litomysl Open 2018"]
[Site "Litomysl, Domov mladeze VOSP "]
[Date "2018.12.31"]
[Round "8.4"]
[White "Slepov, Kyryl"]
[Black "Dowgird, Filip"]
[Result "0-1"]
[WhiteElo "2140"]
[BlackElo "2236"]
[PlyCount "56"]
[EventDate "2018.12.26"]
[EventType "swiss"]
[EventRounds "9"]
[EventCountry "CZE"]
[SourceTitle "Ajedrez en Madrid"]
[Source "lmi"]
[SourceDate "2018.12.26"]
[SourceVersion "1"]
[SourceVersionDate "2019.01.04"]
[SourceQuality "1"]

1. e4 e6 2. d4 d5 3. Nd2 Nc6 4. Ngf3 Nf6 5. e5 Nd7 6. c3 f6 7. exf6 Qxf6 8. Bb5
Bd6 9. O-O O-O 10. Qe2 e5 11. Bxc6 bxc6 12. dxe5 Nxe5 13. Nxe5 Bxe5 14. Nf3 Bd6
15. Nd4 c5 16. Nb5 Ba6 17. c4 Rae8 18. Qd3 d4 19. Nxd6 cxd6 20. b3 d5 21. Ba3
dxc4 22. bxc4 Re5 23. Qb3 Rfe8 24. Rac1 Qc6 25. Rb1 Rg5 26. f3 Rge5 27. Rfd1
Re3 28. Rd3 Re2 0-1